LEADER 01100nam0-2200385-i-450- 001 990005277960403321 005 20090319120844.0 035 $a000527796 035 $aFED01000527796 035 $a(Aleph)000527796FED01 035 $a000527796 100 $a19990604d1955----km-y0itay50------ba 101 0 $aita 102 $aIT 105 $ay---z---001yy 200 1 $aStoria del pitagorismo nel mondo romano$edalle origini alla fine della Repubblica$fLeonardo Ferrero 210 $aTorino$cGiappichelli$d1955 215 $a450 p.$d25 cm 610 0 $aPitagorismo 676 $a182.2$v21$zita 676 $a930$v20$zita 700 1$aFerrero,$bLeonardo$0159622 801 0$aIT$bUNINA$gRICA$2UNIMARC 901 $aBK 912 $a990005277960403321 952 $aSDI-XVIII D 2$b1432$fSDI 952 $aXXI A 486$b70176$fFGBC 952 $a182.2 FER 1$bIst.St.Rel.360$fFLFBC 952 $aDDR-XXVI Ac 041$b1270 ddr$fDDR$m21-9399 959 $aFLFBC 959 $aFGBC 959 $aDDR 959 $aSDI 996 $aStoria del pitagorismo nel mondo romano$9537565 997 $aUNINA LEADER 00910cam0-22003251i-450- 001 990007519000403321 005 20061025113227.0 035 $a000751900 035 $aFED01000751900 035 $a(Aleph)000751900FED01 035 $a000751900 100 $a20030814d1953----km-y0itay50------ba 101 0 $aita 102 $aIT 105 $aaf------001yy 200 1 $a<>volto agricolo delle Marche$fBruno Cioffi 210 $aBologna$cEdizioni Agricole$d1953 215 $aX, 632 p., 14 c. ripieg., 1 c. geogr. col.$cill. c. di fot.$d24 cm 610 0 $aMarche 676 $a074.012 700 1$aCiaffi,$bBruno$071206 801 0$aIT$bUNINA$gRICA$2UNIMARC 901 $aBK 912 $a990007519000403321 952 $aE-04-110$bIst. 5171$fILFGE 952 $a074.012.CIA$b49/544$fDECGE 959 $aILFGE 959 $aDECGE 996 $aVolto agricolo delle Marche$9101836 997 $aUNINA